Wikipedia上に記事がある”伊藤誠”さんの肩書き - Statistics

General Stats
  • This quiz has been taken 33 times
  • The average score is 3 of 7
Answer Stats
人物 答え % Correct
代表作に『兎-野性の闘牌-』など。 伊藤誠({漫画家})
79%
TV番組「賢者の選択」のエンディングテーマ曲を作詞作曲歌唱。 伊藤誠({シンガーソングライター})
73%
元タンザニア駐箚特命全権大使、元ブルガリア駐箚特命全権大使。 伊藤誠({外交官})
70%
武蔵野美術大学造形学部映像学科を卒業。 伊藤誠({映画監督})
61%
東京大学名誉教授。 伊藤誠({経済学者})
30%
KADOKAWA所属、ラジオ番組『Radio School Days』に出演。 伊藤誠({プロデューサー})
24%
元神戸新聞文化事業局次長、元姫路市立美術館副館長。 伊藤誠({美術評論家})
9%
No matching quizzes found
Score Distribution
Percent of People with Each Score
Percentile by Number Answered
Your Score History
You have not taken this quiz